000 01005cad a22002175a 4500
001 L156384
008 120516u2012 xxk g 000 0 eng d
035 _a(Sirsi) u156384
041 0 _aeng
110 2 _aBuilding Control Alliance
_95309
245 0 0 _aLABC and ACAI compliance actions survey
_h[electronic resource]
260 _b
_c2012
520 _aA research project ran jointly by LABC and ACAI through the Building Control Alliance. Its objective was to establish the level of compliance actions undertaken by all Building Control Bodies (BCBs) both public and private sector. Published March 2012.
590 _aKA
651 4 _aUnited Kingdom
_y
690 _aBuilding regulations
_96224
710 2 _aLABC
710 1 _aAssociation of Consultant Approved Inspectors
_95311
856 4 0 _uhttps://www.labc.uk.com/Media/Default/Research%20March%202012/LABC_ACAI_Compliance_Actions_Research_Report_for_BCA_March_2012_Final.pdf
_zView this item free of charge at www.labc.uk.com
942 _n0
999 _c114227
_d114227